Asal-usul manusia (Record no. 785)

000 -LEADER
fixed length control field nam a22 a 4500
005 - DATE AND TIME OF LATEST TRANSACTION
control field 20170505110845.0
008 - FIXED-LENGTH DATA ELEMENTS--GENERAL INFORMATION
fixed length control field 170505b1987 my ||||| |||| 00| 0 eng d
040 ## - CATALOGING SOURCE
Original cataloging agency AKMAL
082 ## - DEWEY DECIMAL CLASSIFICATION NUMBER
Classification number 291 BUC
090 ## - LOCALLY ASSIGNED LC-TYPE CALL NUMBER (OCLC); LOCAL CALL NUMBER (RLIN)
Classification number (OCLC) (R) ; Classification number, CALL (RLIN) (NR) 291
Local cutter number (OCLC) ; Book number/undivided call number, CALL (RLIN) BUC
100 ## - MAIN ENTRY--PERSONAL NAME
Personal name Bucaille, Maurice
9 (RLIN) 1625
245 ## - TITLE STATEMENT
Title Asal-usul manusia
Remainder of title menurut bibel, al-Quran sains /
Statement of responsibility, etc. Maurice Bucaille ; penterjemah Rahmani Astuti ; Ilyas Hasan
260 ## - PUBLICATION, DISTRIBUTION, ETC.
Place of publication, distribution, etc. Batu Caves
Name of publisher, distributor, etc. Thinker's Library
Date of publication, distribution, etc. 1987
300 ## - PHYSICAL DESCRIPTION
Extent 267ms.
Dimensions 21cm
500 ## - GENERAL NOTE
General note Terjemahan dari: What is origin of man?: the answers of Science and holy scriptures. Ed. ke 3. Paris: Seghers, 1984
500 ## - GENERAL NOTE
General note Mula diterbitkan: Bandung: Penerbit Mizan, 1986
500 ## - GENERAL NOTE
General note Mengandungi ayat-ayat dari Quran
599 ## - LOCAL NOTE
Local Note DALAM PROSES
650 ## - SUBJECT ADDED ENTRY--TOPICAL TERM
Topical term or geographic name entry element Religion and science
Chronological subdivision 1946-
9 (RLIN) 1705
650 ## - SUBJECT ADDED ENTRY--TOPICAL TERM
Topical term or geographic name entry element Evolution
General subdivision Religious aspects
9 (RLIN) 1706
650 ## - SUBJECT ADDED ENTRY--TOPICAL TERM
Topical term or geographic name entry element Man
General subdivision Origin
9 (RLIN) 1707
700 ## - ADDED ENTRY--PERSONAL NAME
Personal name Astuti, Rahmani
9 (RLIN) 1708
700 ## - ADDED ENTRY--PERSONAL NAME
Personal name Ilyas Hasan
9 (RLIN) 1709
942 ## - ADDED ENTRY ELEMENTS (KOHA)
Source of classification or shelving scheme
Koha item type Book
Holdings
Withdrawn status Lost status Source of classification or shelving scheme Damaged status Not for loan Collection code Home library Current library Shelving location Date acquired Inventory number Total Checkouts Full call number Barcode Date last seen Price effective from Koha item type
          NON-FICTION AKMAL Melaka AKMAL Melaka PINJAMAN 05.05.2017 200125   291 BUC 201701701 05.05.2017 05.05.2017 Book
Pusat Sumber Maklumat Dato' Haji Sarmin Md Hussin, Akademi Kastam Diraja Malaysia, Melaka
Tel: 06-2331106 | Faks: 06-2313787